| 000 | 00968nam a2200289 a 4500 | ||
|---|---|---|---|
| 001 | vtls001803057 | ||
| 003 | NLI | ||
| 005 | 20210629045717.0 | ||
| 008 | 140215s1929 mnu 000 0 eng | ||
| 039 | 9 |
_y201402152258 _zVLOAD |
|
| 040 |
_a NLI _b eng _c Entertech IMP - 2013 _e AACR2 |
||
| 041 | 0 | _aeng | |
| 044 | _amnu | ||
| 082 | _a148 | ||
| 100 | 1 |
_aOlson, Willard Clifford _91186320 |
|
| 245 | 1 | 4 |
_aThe measurement of nervous habits in normal children / _cWillard Clifford Olson |
| 260 |
_aMinneapolis : _bThe University of Minnesota Press, _c[1929] |
||
| 300 |
_axii, 97 p. : _btable., diagr. ; _c20 cm. |
||
| 440 | 0 |
_aUniversity of Minnesota. the institute of child welfare. monograph ; _v111 _91186321 |
|
| 500 | _a"References upon which the inventory of ties is based" : p. 9-10 | ||
| 650 | 0 | _aEducation | |
| 887 | _a | ||
| 901 | _aIMP44656 | ||
| 902 | _a148 G 1311 | ||
| 949 |
_AVIRTUAITEM _D10000 _X100 _6IMP000044656ENG |
||
| 942 |
_2ddc _cBKS |
||
| 999 |
_c1237262 _d1237262 |
||